| 000 | 01470nam a2200313 4500 | ||
|---|---|---|---|
| 003 | EC-UNACH | ||
| 006 | s||||gr|||| 00| 00 | ||
| 008 | 150116t9999 mx r gr 000 0 spa d | ||
| 020 | _a9978-22-563-3 | ||
| 040 |
_aEC-UNACH _cEC-UNACH |
||
| 041 | _aspa | ||
| 082 | 0 | 4 |
_223 _a630 _bL017426 |
| 100 | _aValdez, Francisco | ||
| 245 |
_aAgricultura Ancestral Camellones y Albarradas _bContexto social, usos y retos del pasado y del presente |
||
| 250 | _aPrimera Edición | ||
| 264 |
_aQuito _bAbya Yala _c2006 |
||
| 300 |
_a361 paginas _bIlustraciones, Tablas _c28 cm. |
||
| 500 | _aEl estudio de los sistemas agrícolas tradicionales en los Andes es una preocupación de los interesados en desarrollar estrategias para enfrentar el modelo del mundo global | ||
| 505 | _aTipología, mecánica del sistema y manejo del espacio: modalidades y tecnologías especificas en el uso de técnicas de cultivo.- Condiciones y repercusiones de la complejidad del sistema en la organización social de los usuarios.- Aspectos agronómicos y ecológicos del sistema limitaciones y condiciones especificas de funcionamiento.- Usos actuales experimentación y repercusiones del uso de las distintas modalidades | ||
| 650 | _aAGRICULTURA | ||
| 650 | _aSIEMBRA | ||
| 650 | _aALTIPLANO | ||
| 700 | _aValdez, Francisco | ||
| 942 |
_2ddc _c1 |
||
| 999 | _c14446 | ||